El enigma del capital y las crisis del capitalismo
Saved in:
| 主要作者: | |
|---|---|
| 格式: | 圖書 |
| 語言: | 西班牙语 |
| 出版: |
Madrid
Akal
2013
|
| 版: | 1a. ed |
| 叢編: | Cuestiones de Antagonismo, 68
|
| 主題: | |
| 標簽: |
添加標簽
沒有標簽, 成為第一個標記此記錄!
|
MARC
| LEADER | 00000cam a2200000 a 4500 | ||
|---|---|---|---|
| 001 | UCE8984 | ||
| 003 | CL-VaPUC | ||
| 008 | 150911e20130000sp |||||||||||||||||spa|d | ||
| 020 | |a 9788446035442 | ||
| 082 | 0 | 4 | |a 301 |b HAR |2 21 |
| 100 | |a Harvey, David |e author |9 603111 | ||
| 245 | 1 | 3 | |a El enigma del capital y las crisis del capitalismo |
| 250 | |a 1a. ed | ||
| 300 | |a 239 p | ||
| 942 | |c BK | ||
| 945 | |d 20150911 12:29:00 |a gsalatino | ||
| 260 | |a Madrid |b Akal |c 2013 | ||
| 650 | 0 | |a Capitalismo |9 255255 | |
| 650 | 0 | |a Sociología |9 255410 | |
| 650 | 7 | |a TEORIA SOCIAL |2 CL-VaPUC |9 393289 | |
| 650 | 7 | |a CRISIS |2 CL-VaPUC |9 328300 | |
| 583 | |a last modification |c 20180420 12:26:42 |k Rodrigo Vera | ||
| 490 | 0 | |a Cuestiones de Antagonismo, 68 | |
| 999 | |c 360733 |d 360731 | ||
| 952 | |0 0 |1 0 |3 erb |4 0 |6 301_000000000000000_HAR_2013 |7 0 |8 A |9 470654 |a BIBEDU |b BIBEDU |i 5198550 |l 2 |o 301 HAR 2013 |p 5198550 |r 2023-08-28 |s 2023-07-26 |w 2019-11-23 |y BK |z Catalogado en:20150911 |k FIL | ||
| 952 | |0 0 |1 0 |2 ddc |3 erb |4 0 |6 301_000000000000000_HAR_2013 |7 0 |8 A |9 470655 |a BIBING |b BIBING |i 5467543 |l 1 |o 301 HAR 2013 |p 5467543 |r 2025-01-20 |s 2023-08-25 |w 2019-11-23 |y BK |z Catalogado en:20180427 |k GEO | ||